[Event "DM G7 Grp1 2025"]
[Site "Svendborg"]
[Date "2025.04.21"]
[Round "7"]
[White "Madsen, Michael Baehring"]
[Black "Shajan, Alan Pattayil"]
[Result "1-0"]
[WhiteElo "2043"]
[BlackElo "1934"]
[WhiteFideId "1413031"]
[BlackFideId "33436134"]
[EventDate "2025.04.15"]
[EventType "swiss"]
[EventRounds "7"]
[EventCountry "DEN"]
[SourceTitle "Live v. Kasper Jerwiarz"]

1. e4 c6 2. d4 d5 3. Nc3 dxe4 4. Nxe4 Nf6 5. Nxf6+ exf6 6. c3 Bd6 7. Bd3 O-O 8. Qc2 h6 9. Ne2 Re8 10. Be3 Nd7 11. O-O-O Nf8 12. Ng3 Qa5 13. Kb1 Be6 14. b3 b5 15. Nf5 Qc7 16. h4 Bf4 17. g4 Bxf5 18. gxf5 Bxe3 19. fxe3 Rxe3 20. Rhg1 Rg3 21. Qf2 Rxg1 22. Rxg1 Nh7 23. Qg2 Ng5 24. hxg5 fxg5 25. Bxb5 Rc8 26. Bc4 Qf4 27. Rf1 Qe3 28. Qf3 Qxf3 29. Rxf3 g4 30. Rf1 Re8 31. Kc2 Re7 32. Kd2 Kh7 33. Re1 Rd7 34. Re5 f6 35. Re8 g6 36. Be6 Rg7 37. Rd8 h5 38. Rd7 g5 39. Ke3 h4 40. Rxg7+ Kxg7 41. Bd7 g3 42. Bxc6 h3 43. Kf3 g2 44. Kf2 g4 45. Bxg2 1-0

[Event "DM G7 Grp1 2025"]
[Site "Svendborg"]
[Date "2025.04.21"]
[Round "7"]
[White "Hollesen, Kurt"]
[Black "Jepsen, Thomas Tange"]
[Result "0-1"]
[WhiteElo "1974"]
[BlackElo "1995"]
[WhiteFideId "1406817"]
[BlackFideId "1405357"]
[EventDate "2025.04.15"]
[EventType "swiss"]
[EventRounds "7"]
[EventCountry "DEN"]
[SourceTitle "Live v. Kasper Jerwiarz"]

1. c4 c6 2. e4 d5 3. exd5 cxd5 4. d4 Nf6 5. Nc3 e6 6. Nf3 Nc6 7. Bg5 Be7 8. c5 O-O 9. a3 h6 10. Bh4 Ne4 11. Bxe7 Qxe7 12. Qc2 Nxc3 13. Qxc3 e5 14. dxe5 Bg4 15. Be2 Bxf3 16. gxf3 d4 17. Qc2 Nxe5 18. O-O-O Rac8 19. Qe4 Qxc5+ 20. Kb1 d3 21. Bxd3 Nxd3 22. Qxd3 Qxf2 23. Rd2 Qb6 24. Rg2 Rfd8 25. Qf5 Qc5 26. Qh3 Qe3 27. Rhg1 g6 28. Qg4 Rc6 29. f4 Rd4 30. Rf1 Qd3+ 0-1

[Event "DM G7 Grp1 2025"]
[Site "Svendborg"]
[Date "2025.04.21"]
[Round "7"]
[White "Bekmukhanov, Sauran"]
[Black "Skytte, Robert"]
[Result "0-1"]
[WhiteElo "1914"]
[BlackElo "1909"]
[WhiteFideId "1472844"]
[BlackFideId "1471775"]
[EventDate "2025.04.15"]
[EventType "swiss"]
[EventRounds "7"]
[EventCountry "DEN"]
[SourceTitle "Live v. Kasper Jerwiarz"]

1. e4 c6 2. d4 d5 3. e5 c5 4. c3 Nc6 5. Be3 cxd4 6. cxd4 Bf5 7. Nc3 e6 8. h4 h6 9. Nge2 Bb4 10. Rc1 Nge7 11. Ng3 Qb6 12. Qd2 Rc8 13. Be2 Na5 14. O-O Nc4 15. Bxc4 Rxc4 16. a3 Bxc3 17. Rxc3 Rxc3 18. Qxc3 O-O 19. Qd2 Kh7 20. Rc1 Nc6 21. Nxf5 exf5 22. Rc5 Rd8 23. b4 a5 24. b5 Nxe5 25. Qc2 Nc4 26. Qxf5+ Qg6 27. Qxg6+ Kxg6 28. a4 Nb6 29. Rc7 Rd7 30. Rxd7 Nxd7 31. Bd2 b6 32. f3 Kf6 33. Kf2 g5 34. Kg3 Kf5 35. Kf2 gxh4 36. Bxh6 Nf6 37. Ke3 Nh5 38. Bf8 Ke6 39. Bh6 Kf5 40. Bf8 Ke6 41. Ba3 Ng3 42. Bb2 Kf5 43. Bc3 Nh5 44. Be1 Kg5 45. Bd2 Nf6 46. Kd3+ Kf5 47. Be1 Kg5 48. Bf2 Nh5 49. Ke3 f5 50. Be1 f4+ 51. Kf2 Nf6 52. Kg1 Ne8 53. Kh2 Nd6 54. Kh3 Nf5 55. Bc3 Nd6 56. Kh2 Nf5 57. Kg1 Nd6 58. Kf2 Nf5 59. Ke2 Nd6 60. Kd3 Nf5 61. Bd2 Nd6 62. Bc3 Nf5 63. Be1 Nd6 64. Bd2 Nf5 65. Bc1 Nd6 66. Ba3 Nf5 67. Bc5 bxc5 68. dxc5 Kf6 69. Kc3 Ke7 70. Kd3 Kd7 71. Kc3 Kc8 72. Kd3 Ne3 73. Kd4 Nxg2 74. Kxd5 h3 0-1

[Event "DM G7 Grp1 2025"]
[Site "Svendborg"]
[Date "2025.04.21"]
[Round "7"]
[White "Li, Anna Sofie"]
[Black "Nielsen, Thomas"]
[Result "1/2-1/2"]
[WhiteElo "1781"]
[BlackElo "1960"]
[WhiteFideId "1472119"]
[BlackFideId "1407147"]
[EventDate "2025.04.15"]
[EventType "swiss"]
[EventRounds "7"]
[EventCountry "DEN"]
[SourceTitle "Live v. Kasper Jerwiarz"]

1. e4 c6 2. d4 d5 3. exd5 cxd5 4. Bd3 Nc6 5. c3 Nf6 6. Bf4 Bg4 7. Qb3 Qd7 8. Nd2 e6 9. Ngf3 Bd6 10. Bxd6 Qxd6 11. O-O Bxf3 12. Nxf3 O-O 13. Rae1 h6 14. Ne5 Nd7 15. f4 Ncxe5 16. fxe5 Qb6 17. Qc2 f6 18. exf6 Rxf6 19. Rxf6 Nxf6 20. Kh1 Re8 21. Qd2 Qd6 22. Qe2 a6 23. Bg6 Re7 24. Kg1 b5 25. a4 b4 26. cxb4 Qxb4 27. Rc1 Qxd4+ 28. Kh1 Nd7 29. Qxa6 Nf8 30. Qc8 Qf6 31. Bd3 Rd7 32. Rf1 Rd8 33. Qc7 Rd7 34. Qc5 Qd8 35. Rxf8+ Qxf8 36. Bh7+ Kf7 37. Bg6+ Kg8 38. Bh7+ Kf7 39. Bg6+ Kg8 1/2-1/2

[Event "DM G7 Grp1 2025"]
[Site "Svendborg"]
[Date "2025.04.21"]
[Round "7"]
[White "Paludan, Noah"]
[Black "Jensen, Soren"]
[Result "0-1"]
[WhiteElo "1963"]
[BlackElo "1987"]
[WhiteFideId "1474987"]
[BlackFideId "1421204"]
[EventDate "2025.04.15"]
[EventType "swiss"]
[EventRounds "7"]
[EventCountry "DEN"]
[SourceTitle "Live v. Kasper Jerwiarz"]

1. e4 d5 2. exd5 Nf6 3. d4 Nxd5 4. c4 Nf6 5. Nc3 Nc6 6. d5 Ne5 7. Bf4 Ng6 8. Bg3 e6 9. Qb3 Bd6 10. O-O-O exd5 11. Re1+ Ne7 12. Bh4 Bf4+ 13. Kb1 Bf5+ 14. Ka1 O-O 15. Bxf6 gxf6 16. Nf3 d4 17. Nd5 Nxd5 18. cxd5 c5 19. g4 Bg6 20. h4 Re8 21. Bb5 Rxe1+ 22. Rxe1 Qd6 23. h5 a6 24. Bf1 b5 25. hxg6 hxg6 26. Nh4 Rc8 27. Ng2 Be5 28. Qf3 c4 29. Qe4 d3 30. Bxd3 cxd3 31. Qxd3 Qb4 32. Qe2 a5 33. Kb1 a4 34. a3 Qb3 35. Ne3 b4 36. Rc1 Rxc1+ 37. Kxc1 bxa3 38. bxa3 Qxa3+ 39. Kd1 Qa1+ 40. Kd2 a3 41. Nc2 Qc3+ 42. Kd1 a2 43. Qa6 a1=R+ 44. Nxa1 Qxa1+ 45. Qxa1 Bxa1 0-1

[Event "DM G7 Grp1 2025"]
[Site "Svendborg"]
[Date "2025.04.21"]
[Round "7"]
[White "Kokholm, Daniel"]
[Black "Ringsmose, Christian"]
[Result "1-0"]
[WhiteElo "1913"]
[BlackElo "1944"]
[WhiteFideId "1407155"]
[BlackFideId "1451669"]
[EventDate "2025.04.15"]
[EventType "swiss"]
[EventRounds "7"]
[EventCountry "DEN"]
[SourceTitle "Live v. Kasper Jerwiarz"]

1. d4 d5 2. Nf3 Nf6 3. e3 c5 4. b3 cxd4 5. exd4 Nc6 6. Bb2 Bf5 7. a3 e6 8. Bd3 Bxd3 9. Qxd3 Bd6 10. c4 O-O 11. c5 Bc7 12. b4 a6 13. O-O Ne4 14. Nbd2 f5 15. Ne5 g5 16. Nxc6 bxc6 17. Nf3 Qb8 18. Ne5 Bxe5 19. dxe5 Nxc5 20. Qc2 Ne4 21. f3 Qb6+ 22. Kh1 Rad8 23. fxe4 fxe4 24. Rxf8+ Rxf8 25. Qc5 Qxc5 26. bxc5 Rf2 27. Bd4 Rd2 28. Be3 Rd3 29. Bxg5 e3 30. Re1 d4 31. g4 Rxa3 32. h4 Rc3 33. Bh6 Kf7 34. h5 Rc2 35. Kg1 e2 36. Kf2 d3 37. Rb1 Rxc5 38. Rb7+ Ke8 39. Rxh7 Rxe5 40. Ke1 Rb5 41. Bd2 Rb1+ 42. Kf2 Rf1+ 43. Ke3 Rd1 44. h6 e1=Q+ 45. Bxe1 Rxe1+ 46. Kxd3 Rg1 47. Ra7 Rg3+ 48. Kc4 Rxg4+ 49. Kc5 Kf8 50. Ra8+ Kf7 51. h7 Rh4 52. h8=Q Rxh8 53. Rxh8 Kf6 54. Kd4 1-0

[Event "DM G7 Grp1 2025"]
[Site "Svendborg"]
[Date "2025.04.21"]
[Round "7"]
[White "Peitersen, Andreas"]
[Black "Snedker, Oliver Kaehne "]
[Result "1-0"]
[WhiteElo "1912"]
[BlackElo "1943"]
[WhiteFideId "1479814"]
[BlackFideId "1470051"]
[EventDate "2025.04.15"]
[EventType "swiss"]
[EventRounds "7"]
[EventCountry "DEN"]
[SourceTitle "Live v. Kasper Jerwiarz"]

1. e4 c5 2. Nc3 d6 3. g3 Nc6 4. Bg2 g6 5. Nge2 Bg7 6. O-O e6 7. d3 Rb8 8. Be3 Nd4 9. Qd2 b5 10. Nd1 b4 11. f4 Ne7 12. g4 d5 13. e5 Nec6 14. c3 Nxe2+ 15. Qxe2 Qb6 16. c4 dxc4 17. dxc4 Bb7 18. Qf2 Nd4 19. Bxb7 Rxb7 20. g5 Rd7 21. b3 h6 22. h4 hxg5 23. hxg5 Ke7 24. Qg2 Nf5 25. Bf2 Rd3 26. Nb2 Rdh3 27. Na4 Rh1+ 28. Qxh1 Rxh1+ 29. Kxh1 Qc6+ 30. Kh2 Bf8 31. Bxc5+ Ke8 32. Bxa7 f6 33. gxf6 Bh6 34. Rae1 Kf7 35. Bc5 g5 36. fxg5 Bxg5 37. Re2 Qe8 38. Rf3 Qh8+ 39. Rh3 Bf4+ 40. Kg2 Qg8+ 41. Kf3 Bg3 42. Re4 Bh2 43. Nb6 Qd8 44. Rh7+ Kg6 45. Rd7 Qh8 46. Rg4+ Kh5 47. f7 Qxe5 48. f8=Q Qc3+ 49. Kg2 Qb2+ 50. Bf2 Kxg4 51. Rd4+ Kh5 52. Qh8+ 1-0